| 000 | 01552nam a22004217a 4500 | ||
|---|---|---|---|
| 008 | 161203s2016 cr||||| |||| 00| 0 spa d | ||
| 082 | 0 | 4 |
_a708 _bU541u |
| 100 | 1 |
_aAhwesh, Peggy. _95664 |
|
| 245 | 1 | 3 |
_aUn reino de las horas / _cPeggy Ahwesh...[et. al.] ; curaduría por Robert Leckie y Miguel A. López ; traducción por María Paola Malavasi ; Gasworks ; TEOR/ética. |
| 250 | _a1a ed. | ||
| 260 |
_aSan José, Costa Rica : _bTEOR/ética, _c2016. |
||
| 300 |
_a6 p. _bil. col. |
||
| 500 | _aCatálogo publicado con motivo a la exposición "Un reino de las horas", presentada del 19 de octubre del 2016 al 25 de febrero del 2017, en TEOR/ética. | ||
| 653 | 1 | 0 | _aArte contemporáneo |
| 653 | 1 | 0 | _aCatálogo de exhibición |
| 653 | 1 | 0 | _aExhibiciones |
| 653 | 1 | 0 | _aArte - Costa Rica |
| 653 | 1 | 0 | _aArte Latinoamericano |
| 653 | 1 | 0 | _aInstalaciones |
| 700 | 1 |
_aChavajay, Benvenuto. _93150 |
|
| 700 | 1 |
_aDíaz, Wilson. _95665 |
|
| 700 | 1 |
_aIraheta, Walterio. _93991 |
|
| 700 | 1 |
_aJones, William E. _95666 |
|
| 700 | 1 |
_aLemebel, Pedro. _95667 |
|
| 700 | 1 |
_aLin, Candince. _95668 |
|
| 700 | 1 |
_aStaff, Patrick. _95669 |
|
| 700 | 1 |
_aMeineche Hansen, Sidsel. _95670 |
|
| 700 | 1 |
_aMonge, Priscilla. _95671 |
|
| 700 | 1 |
_aPereira Paz, Andrés. _95672 |
|
| 700 | 1 |
_aPrieto, Emilia. _95673 |
|
| 700 | 1 |
_aRobinson, Marton. _95643 |
|
| 700 | 1 |
_aVicuña, Cecilia. _95477 |
|
| 700 | 1 |
_aYanov, Osías. _95674 |
|
| 700 | 1 |
_aLeckie, Robert. _95675 |
|
| 700 | 1 |
_aLópez, Miguel A. _95676 |
|
| 710 | 1 |
_aGasworks. _95677 |
|
| 710 | 1 |
_aTEOR/ética. _95471 |
|
| 999 |
_c1108 _d1108 |
||